• 首页
  • 本馆介绍
  • 公告通知
  • 最新文献
  • 馆藏检索
  • 电子资源
  • 读者导购
  • 参考咨询
  • 我的图书馆
  • 登录
  • 详细信息显示
  • 放入我的书架
  • 预约/预借图书
  • 作者相关作品
  • 分类相关作品
  • 丛书相关作品
  • 出版社相关作品

书目信息

  • 表格格式
  • 工作单格式
  • 卡片格式
题名:
中学生物学教学法
    
 
作者: 陈浩兮 编著
分册:  
出版信息: 北京   北京师范大学出版社  1987
页数: 413页
开本: 20cm
丛书名:
单 册:
中图分类: Q-42 , G633.91
科图分类:
主题词: 生物学-教学法--高等师范教育--教学参考资料 , 教学法-生物学--高等师范教育--教学参考资料 , 教育--各级
电子资源:
ISBN:
000 00812nam0 2200289 45
001 0187013956
005 20040707102314.0
010    @dCNY2.20
091    @a13243.123
100    @a19960126d1987 em y0chiy0121 ea
101 0  @achi
102    @aCN@b110000
105    @ay z 000yy
106    @ar
200 10 @a中学生物学教学法@Azhong xue sheng wu xue jiao xue fa@f陈浩兮编著
210    @a北京@c北京师范大学出版社@d1987
215    @a413页@d20cm
300    @a高等学校教学用书
606    @a生物学-教学法@x高等师范教育@x教学参考资料
606    @a教学法-生物学@x高等师范教育@x教学参考资料
606 0  @a教育@x各级
690    @aQ-42@v3
690    @aG633.91
701  0 @a陈浩兮@4编著@Achen hao xi
801  0 @aCN@b深圳图书馆@c20040707
801  2 @aCN@bNLC@c20040707
905    @dG633.91@e27@b200925@f1
    
    中学生物学教学法/陈浩兮编著.-北京:北京师范大学出版社,1987
    413页;20cm
    高等学校教学用书
    
    ISBN :CNY2.20
    
●
相关链接 在E读中查询图书 在五车中查询图书 在当当中查询图书 在豆瓣中查询图书


正题名:中学生物学教学法     索取号:G633.91/27         预约/预借

序号 登录号 条形码 馆藏地/架位号 状态 备注
1 0200925   001953489   密集书库/ [索取号:G633.91/27] 在馆    
2 0200926   000256966   密集书库/ [索取号:G633.91/27] 在馆    
3 0200927   000256895   密集书库/ [索取号:G633.91/27] 在馆    
4 0200928   000256902   密集书库/ [索取号:G633.91/27] 在馆    
5 0200929   002061832   第一样本阅览室/ [索取号:G633.91/27] 在馆    
6 0233609   001828963   密集书库/ [索取号:G633.91/27] 在馆    
7 0233610   001829007   密集书库/ [索取号:G633.91/27] 在馆    
8 0233611   001829034   密集书库/ [索取号:G633.91/27] 在馆    
9 0233612   000256886   密集书库/ [索取号:G633.91/27] 在馆    
10 0233613   001828892   密集书库/ [索取号:G633.91/27] 在馆    
11 0233614   001828883   密集书库/ [索取号:G633.91/27] 在馆    
12 0233615   001828936   密集书库/ [索取号:G633.91/27] 在馆    
13 0233616   001829114   密集书库/ [索取号:G633.91/27] 在馆    
14 0233617   001828801   密集书库/ [索取号:G633.91/27] 在馆    
15 0233618   001828990   密集书库/ [索取号:G633.91/27] 在馆    
16 0233619   001828829   密集书库/ [索取号:G633.91/27] 在馆    
17 0233620   001828856   密集书库/ [索取号:G633.91/27] 在馆    
18 0233621   000256868   密集书库/ [索取号:G633.91/27] 在馆    
19 0233622   000256859   密集书库/ [索取号:G633.91/27] 在馆    
20 0233623   000556877   第四借阅区/ [索取号:G633.91/27] 在馆    
21 0233623   000256877   密集书库/ [索取号:G633.91/27] 在馆    
22 0233624   001828927   密集书库/ [索取号:G633.91/27] 在馆    
23 0233625   000256920   密集书库/ [索取号:G633.91/27] 在馆    
24 0233626   000256813   密集书库/ [索取号:G633.91/27] 在馆    
25 0233627   000256911   密集书库/ [索取号:G633.91/27] 在馆    
26 0233628   000025682   第四借阅区/ [索取号:G633.91/27] 在馆    
27 0233628   000256822   密集书库/ [索取号:G633.91/27] 在馆    
唐山师范学院图书馆 欢迎您!
大连网信软件有限公司© 版权所有